[Event "AUT -U16W"]
[Site "Koestendorf"]
[Date "1998.04.07"]
[Round "4.5"]
[White "Ertl, Christine"]
[Black "Mozelt, Cornelia"]
[Result "1-0"]
[WhiteElo "1534"]
[BlackElo "1477"]
[PlyCount "27"]
[EventDate "1998.04.04"]
[Source "A. Burger"]
[SourceDate "1998.04.10"]

1. e4 e5 2. Bc4 Bc5 3. Nf3 Nf6 4. O-O Nc6 5. c3 O-O 6. d4 exd4 7. cxd4 Bb6 8.
d5 Na5 9. Bd3 c6 10. d6 Bc5 11. e5 11... Nd5 {} 12. Bxh7+ Kh8 13. Ng5 f6 14.
Qh5 1-0

[Event "AUT -U16W"]
[Site "Koestendorf"]
[Date "1998.04.07"]
[Round "4.6"]
[White "Kessler, Teresa"]
[Black "Ernst, Monika"]
[Result "1-0"]
[WhiteElo "1306"]
[BlackElo "1234"]
[PlyCount "79"]
[EventDate "1998.04.04"]
[Source "A. Burger"]
[SourceDate "1998.04.10"]

1. e4 e6 2. d4 d5 3. e5 c5 4. c3 Nc6 5. Nf3 cxd4 6. cxd4 Nge7 7. Bd3 Nf5 8.
Bxf5 exf5 9. O-O Be7 10. Re1 O-O 11. Bf4 Be6 12. Qd2 Rc8 13. Nc3 h6 14. Rad1 g5
15. Be3 {} 15... f4 16. Bxf4 gxf4 17. Qxf4 Bg5 18. Qg3 Kh7 19. Nxg5+ Qxg5 20.
Qd3+ Bf5 21. Qb5 Be6 22. Nxd5 Rg8 23. g3 Kh8 24. Nf6 Rg6 25. Ne4 Qh5 26. Nd6
Bh3 27. Qd5 27... Rd8 {} 28. Nxf7+ Kh7 29. Nxd8 Bg4 30. Rc1 Bf3 31. Qd7+ Rg7
32. Qc8 Nxd4 33. Rc7 Ne2+ 34. Kf1 Qxh2 35. Rxg7+ Kxg7 36. Qd7+ Kg6 37. Qf7+ Kg5
38. Qxf3 Nxg3+ 39. Qxg3+ Qxg3 40. fxg3 1-0

[Event "AUT -U16W"]
[Site "Koestendorf"]
[Date "1998.04.07"]
[Round "4.7"]
[White "Dorrek, Veronika"]
[Black "Hackbarth, Elke"]
[Result "1-0"]
[WhiteElo "1462"]
[BlackElo "1451"]
[PlyCount "69"]
[EventDate "1998.04.04"]
[Source "A. Burger"]
[SourceDate "1998.04.10"]

1. e4 c6 2. d4 d5 3. e5 Bf5 4. c4 e6 5. Nc3 Ne7 6. Nf3 Nd7 7. Be2 c5 8. dxc5
Nxc5 9. cxd5 9... Nxd5 {} 10. Bb5+ Nd7 11. Nxd5 exd5 12. Qxd5 Rb8 13. O-O Be6
14. Qd4 Qa5 15. Bxd7+ Bxd7 16. Rd1 Qa4 17. Bf4 Qxd4 18. Rxd4 18... Be7 {} 19.
e6 Rd8 20. Bc7 fxe6 21. Bxd8 Bc5 22. Rd3 Bb5 23. Rd2 Bb4 24. Rdd1 Be2 25. Rd4
Bc5 26. Rd2 O-O 27. Rxe2 Rxd8 28. Rxe6 Kf7 29. Ng5+ Kg8 30. Rae1 h6 31. Re8+
Rxe8 32. Rxe8+ Bf8 33. Ne6 Kf7 34. Rxf8+ Kxe6 35. Rb8 1-0

[Event "AUT -U16W"]
[Site "Koestendorf"]
[Date "1998.04.08"]
[Round "5.1"]
[White "Fabian, Leonie"]
[Black "Rohrmanstorfer, Silvia"]
[Result "1/2-1/2"]
[WhiteElo "1614"]
[BlackElo "1542"]
[PlyCount "43"]
[EventDate "1998.04.04"]
[Source "A. Burger"]
[SourceDate "1998.04.10"]

1. c4 c5 2. Nc3 Nc6 3. e4 g6 4. Nf3 d6 5. g3 Nf6 6. Bg2 Bg7 7. O-O O-O 8. d3
Bd7 9. Rb1 Qc8 10. b3 Bg4 11. Bb2 Nd4 12. Nd5 Nxd5 13. cxd5 f5 14. Bxd4 Bxd4
15. h3 fxe4 16. hxg4 exf3 17. Bxf3 Rf7 18. Kg2 Qf8 19. Qe2 Qg7 20. Qe6 Raf8 21.
Be4 Qf6 22. f3 1/2-1/2

[Event "AUT -U16W"]
[Site "Koestendorf"]
[Date "1998.04.08"]
[Round "5.2"]
[White "Kopinits, Anna-Christina"]
[Black "Ertl, Christine"]
[Result "0-1"]
[WhiteElo "1751"]
[BlackElo "1534"]
[PlyCount "28"]
[EventDate "1998.04.04"]
[Source "A. Burger"]
[SourceDate "1998.04.10"]

1. e4 e6 2. d3 d5 3. Nd2 c5 4. g3 Nc6 5. Bg2 Nf6 6. f4 e5 7. exd5 Nxd5 8. fxe5
{} 8... Ne3 9. Qf3 Nxc2+ 10. Kd1 Nxa1 11. Nh3 Be7 12. Qh5 Qxd3 13. Be4 Qd7 14.
Rf1 Qg4+ 0-1

[Event "AUT -U16W"]
[Site "Koestendorf"]
[Date "1998.04.08"]
[Round "5.3"]
[White "Tschida, Verena"]
[Black "Greifensteiner, Petra"]
[Result "0-1"]
[WhiteElo "1522"]
[BlackElo "1450"]
[PlyCount "84"]
[EventDate "1998.04.04"]
[Source "A. Burger"]
[SourceDate "1998.04.10"]

1. e4 c5 2. Nf3 g6 3. d4 cxd4 4. Qxd4 Nf6 5. Nc3 Nc6 6. Qa4 a6 7. Be3 Rb8 8. e5
b5 9. Qh4 Nh5 10. Bc5 e6 11. Qxd8+ Nxd8 12. Bxf8 Rxf8 13. Ne4 Bb7 14. Nd6+ Ke7
15. Be2 Nf4 16. g3 Nxe2 17. Kxe2 Bxf3+ 18. Kxf3 f6 19. Rad1 fxe5+ 20. Ke3 Nc6
21. c3 Rb6 22. Rd2 Na5 23. Rhd1 {} 23... Rxd6 24. b3 Rxd2 25. Rxd2 Rc8 26. Rd3
Nc6 27. f3 d5 28. h4 b4 29. Kd2 bxc3+ 30. Rxc3 Kd7 31. a3 Nd4 32. Rd3 Nf5 33.
f4 e4 34. Rc3 Rxc3 35. Kxc3 Nxg3 36. Kd4 Nf5+ 37. Kc3 Kd6 38. b4 e3 39. Kd3 d4
40. a4 Kd5 41. b5 axb5 42. axb5 Kc5 0-1

[Event "AUT -U16W"]
[Site "Koestendorf"]
[Date "1998.04.08"]
[Round "5.4"]
[White "Kessler, Teresa"]
[Black "Dorrek, Veronika"]
[Result "0-1"]
[WhiteElo "1306"]
[BlackElo "1462"]
[PlyCount "116"]
[EventDate "1998.04.04"]
[Source "A. Burger"]
[SourceDate "1998.04.10"]

1. e4 c5 2. Nc3 Nc6 3. Bc4 d6 4. Nf3 Nf6 5. O-O e6 6. Re1 Be7 7. d4 cxd4 8.
Nxd4 O-O 9. b3 a6 10. Bb2 Qc7 11. Qd2 b5 12. Be2 Bb7 13. Bf3 Rfd8 14. Rad1 Rac8
15. Nce2 h6 16. Nf4 {} 16... Nxd4 17. Bxd4 e5 18. Nd5 Nxd5 19. exd5 exd4 20.
Qxd4 Bf6 21. Qd3 Qxc2 22. Rd2 Qxd3 23. Rxd3 Re8 24. Red1 Rc2 25. a3 Ra2 26. b4
Rc8 27. h3 Rc3 28. Rxc3 Bxc3 29. Rc1 Be5 30. g3 Rxa3 31. Be4 Rc3 32. Rb1 Rc4
33. Bf3 Rd4 34. Bg4 Bxd5 35. Bc8 Bf3 36. Bxa6 Rd1+ 37. Rxd1 Bxd1 38. Bxb5 Bc3
39. Kg2 Bxb4 40. Bc4 Kf8 41. g4 Ke7 42. Kg3 g5 43. f4 Be1+ 44. Kg2 gxf4 45. Bd5
h5 46. gxh5 Bxh5 47. Kf1 Bh4 48. Kg2 Kf6 49. Be4 Ke5 50. Bc6 d5 51. Kf1 Kd6 52.
Bb5 d4 53. Bd3 Bg6 54. Be2 Kd5 55. Bf3+ Be4 56. Bg4 d3 57. Bd1 Kd4 58. Kg1 Kc3
0-1

[Event "AUT -U16W"]
[Site "Koestendorf"]
[Date "1998.04.08"]
[Round "5.5"]
[White "Wiedermann, Martina"]
[Black "Roscher, Irmgard"]
[Result "1/2-1/2"]
[WhiteElo "1707"]
[BlackElo "1541"]
[PlyCount "27"]
[EventDate "1998.04.04"]
[Source "A. Burger"]
[SourceDate "1998.04.10"]

1. e4 e5 2. Nf3 Nc6 3. Nc3 Nf6 4. Bc4 Bc5 5. O-O d6 6. d3 h6 7. h3 O-O 8. Bd2
Be6 9. Bb3 Ne7 10. Na4 Bb6 11. Nxb6 axb6 12. Qe2 Ng6 13. Rfe1 Bxb3 14. axb3
1/2-1/2

[Event "AUT -U16W"]
[Site "Koestendorf"]
[Date "1998.04.08"]
[Round "5.6"]
[White "Ernst, Monika"]
[Black "Karner, Silvia"]
[Result "0-1"]
[WhiteElo "1234"]
[BlackElo "1482"]
[PlyCount "100"]
[EventDate "1998.04.04"]
[Source "A. Burger"]
[SourceDate "1998.04.10"]

1. e4 e5 2. Nf3 Nc6 3. Bc4 Bc5 4. d3 d6 5. Ng5 Qf6 6. Bxf7+ Kf8 7. f3 h6 8.
Bxg8 Kxg8 9. Nh3 Bxh3 10. gxh3 Qh4+ 11. Kd2 Qxh3 12. c3 {} 12... Qg2+ 13. Qe2
Qxh1 14. Na3 Qg1 15. b4 Bb6 16. Bb2 Qe3+ 17. Qxe3 Bxe3+ 18. Kxe3 g5 19. Nc2 Rf8
20. d4 Rf7 21. d5 Ne7 22. Rg1 Kf8 23. h3 Ke8 24. Ke2 Rhf8 25. Ne1 Ng6 26. Rg3
Nf4+ 27. Ke3 Ke7 28. b5 c6 29. c4 cxd5 30. cxd5 Rc8 31. Kd2 Rc5 32. a4 Rc4 33.
a5 Rb4 34. Bc3 Rxb5 35. Nd3 Nxd3 36. Kxd3 Rf8 37. Kc4 Rc5+ 38. Kd3 Rfc8 39. Bd2
b6 40. axb6 axb6 41. Be3 Rc3+ 42. Kd2 Rc2+ 43. Kd1 b5 44. Bd2 R2c4 45. Rg2 b4
46. Rf2 Rc2 47. Re2 b3 48. Bc3 Rxe2 49. Kxe2 Rxc3 50. Kd2 Rc5 0-1

[Event "AUT -U16W"]
[Site "Koestendorf"]
[Date "1998.04.08"]
[Round "5.7"]
[White "Mozelt, Cornelia"]
[Black "Hackbarth, Elke"]
[Result "0-1"]
[WhiteElo "1477"]
[BlackElo "1451"]
[PlyCount "84"]
[EventDate "1998.04.04"]
[Source "A. Burger"]
[SourceDate "1998.04.10"]

1. e4 e6 2. Nf3 d5 3. e5 Nc6 4. d4 Na5 5. b3 c5 6. c3 Qc7 7. Ba3 b6 8. Be2 Be7
9. O-O Bd7 10. Qd2 f6 11. Rc1 Nc6 12. Bb5 fxe5 13. Bxc6 Qxc6 14. Nxe5 Qc7 15.
Nxd7 Kxd7 16. g3 h6 17. dxc5 Bxc5 18. Bxc5 bxc5 19. b4 Nf6 20. bxc5 Ne4 21. Qd4
Nxc5 22. Qxg7+ Kd6 23. Qxc7+ Kxc7 24. c4 d4 25. Rd1 d3 26. Nc3 Rhd8 27. f3 Rd4
28. Ne4 Nxe4 29. fxe4 Rxc4 30. Rxd3 Rxe4 31. Rc1+ Kb6 32. Rb3+ Ka5 33. Rcb1 Rc8
34. Rb7 Ka6 35. Rh7 Rc2 36. Rxh6 Rxa2 37. h3 Ka5 38. Rh7 Ka6 39. g4 Ree2 40.
Rhb7 Rg2+ 41. Kf1 41... Rh2 {} 42. Re7 Rh1# 0-1

[Event "AUT -U16W"]
[Site "Koestendorf"]
[Date "1998.04.09"]
[Round "6.1"]
[White "Rohrmanstorfer, Silvia"]
[Black "Greifensteiner, Petra"]
[Result "1-0"]
[WhiteElo "1542"]
[BlackElo "1450"]
[PlyCount "95"]
[EventDate "1998.04.04"]
[Source "A. Burger"]
[SourceDate "1998.04.10"]

1. e4 c5 2. Nf3 g6 3. d4 Bg7 4. Be3 Nc6 5. c3 cxd4 6. Nxd4 Nf6 7. f3 O-O 8. Be2
d6 9. O-O Re8 10. Bc4 Nxd4 11. Bxd4 d5 12. Bb5 Bd7 13. Bxd7 {} 13... Nxd7 14.
Bxg7 Kxg7 15. Qxd5 Qb6+ 16. Qd4+ Qxd4+ 17. cxd4 Rac8 18. Nc3 Nb6 19. Rac1 Red8
20. d5 f6 21. Nb5 Rxc1 22. Rxc1 Rc8 23. Rxc8 Nxc8 24. b3 Kf7 25. Nc7 Nd6 26.
Kf2 h6 27. Ke3 b6 28. Kd4 Kg8 29. h3 Kg7 30. a4 Kg8 31. g4 g5 32. e5 Nf7 33.
exf6 exf6 34. Ne6 Kh7 35. Nc7 Nd6 36. Nb5 Nxb5+ 37. axb5 Kg7 38. d6 Kf7 39. Kd5
Ke8 40. Ke6 Kd8 41. Kxf6 Ke8 42. Ke5 Kd8 43. Ke6 Ke8 44. d7+ Kd8 45. Kd6 h5 46.
Kc6 hxg4 47. fxg4 a6 48. bxa6 1-0

[Event "AUT -U16W"]
[Site "Koestendorf"]
[Date "1998.04.09"]
[Round "6.2"]
[White "Ertl, Christine"]
[Black "Dorrek, Veronika"]
[Result "0-1"]
[WhiteElo "1534"]
[BlackElo "1462"]
[PlyCount "70"]
[EventDate "1998.04.04"]
[Source "A. Burger"]
[SourceDate "1998.04.10"]

1. e4 c5 2. Nf3 Nc6 3. d4 cxd4 4. Nxd4 d6 5. Nc3 Nf6 6. Be2 e6 7. Be3 Be7 8.
O-O O-O 9. Qd2 Qc7 10. Ndb5 Qb8 11. Bg5 Rd8 12. Rad1 h6 13. Bxf6 Bxf6 14. Bh5 {
} 14... a6 15. Nxd6 Be5 16. Bxf7+ Kf8 17. Qe3 Rxd6 18. Qf3 Nd4 19. Qh5 Nc6 20.
f4 Rxd1 21. Nxd1 Bd4+ 22. Kh1 Qc7 23. Be8 Qe7 24. Bg6 Kg8 25. g4 e5 26. g5 exf4
27. gxh6 gxh6 28. Rxf4 Qg5 29. Bf7+ Kg7 30. Qxg5+ hxg5 31. Rf1 Bh3 32. Bc4 Bxf1
33. Bxf1 Rf8 34. Kg2 Kf6 35. Bd3 Ke5 0-1

[Event "AUT -U16W"]
[Site "Koestendorf"]
[Date "1998.04.09"]
[Round "6.3"]
[White "Pieler, Markus"]
[Black "Kopinits, Anna-Christina"]
[Result "1-0"]
[WhiteElo "1614"]
[BlackElo "1751"]
[PlyCount "78"]
[EventDate "1998.04.04"]
[Source "A. Burger"]
[SourceDate "1998.04.10"]

1. c4 e5 2. Nc3 Nc6 3. Nf3 g6 4. e3 d6 5. Be2 Bg7 6. a3 h6 7. b4 Be6 8. d4 exd4
9. exd4 Qd7 10. Bb2 Bf5 11. O-O Nge7 12. h3 h5 13. Qd2 Bh6 14. Qd1 Bf4 15. Re1
g5 16. Bc1 O-O-O 17. Nxg5 Bxg5 18. Bxg5 Bxh3 19. Qd3 {} 19... Bxg2 20. Bxe7
Rdg8 21. Kh2 Nxe7 22. Rg1 d5 23. Rxg2 Qd6+ 24. Kg1 Kb8 25. Qh3 dxc4 26. Rd1 Nd5
27. Nxd5 Rxg2+ 28. Qxg2 Qd8 29. Kf1 Rg8 30. Qh1 c6 31. Qh2+ Kc8 32. Nc3 h4 33.
Bxc4 Rg7 34. Bd3 Qg5 35. Ne4 Qg4 36. Nd6+ Kc7 37. Re1 Kd8 38. Nxb7+ Kd7 39.
Qd6+ Kc8 1-0

[Event "AUT -U16W"]
[Site "Koestendorf"]
[Date "1998.04.09"]
[Round "6.4"]
[White "Karner, Silvia"]
[Black "Tschida, Verena"]
[Result "1/2-1/2"]
[WhiteElo "1482"]
[BlackElo "1522"]
[PlyCount "35"]
[EventDate "1998.04.04"]
[Source "A. Burger"]
[SourceDate "1998.04.10"]

1. e4 e5 2. Nf3 d6 3. d4 exd4 4. Nxd4 Nf6 5. Nc3 Nbd7 6. Bd3 Nc5 7. O-O Be7 8.
f3 O-O 9. Be3 Ne6 10. Bc4 Nxd4 11. Qxd4 a6 12. a4 h5 13. Rad1 Bd7 14. h3 Bc6
15. Qd3 Nd7 16. Qd2 Ne5 17. Be2 Ng6 18. Bc4 1/2-1/2

[Event "AUT -U16W"]
[Site "Koestendorf"]
[Date "1998.04.09"]
[Round "6.5"]
[White "Mozelt, Cornelia"]
[Black "Kessler, Teresa"]
[Result "1/2-1/2"]
[WhiteElo "1477"]
[BlackElo "1306"]
[PlyCount "123"]
[EventDate "1998.04.04"]
[Source "A. Burger"]
[SourceDate "1998.04.10"]

1. e4 e5 2. Nf3 Nc6 3. Nc3 Bc5 4. Bc4 Nf6 5. d3 d6 6. h3 Qe7 7. Bg5 Bb4 8. O-O
Bxc3 9. bxc3 O-O 10. Bxf6 Qxf6 11. d4 Rd8 12. Rb1 Qg6 13. Bd5 Bxh3 14. Nh4 Qg5
15. Qf3 Bg4 16. Qg3 exd4 17. f3 Qe3+ 18. Qf2 Qxf2+ 19. Rxf2 Bd7 20. Bxc6 Bxc6
21. cxd4 b6 22. Nf5 Bb7 23. c4 g6 24. Ne3 Rab8 25. Rfb2 c6 26. c5 dxc5 27. dxc5
b5 28. a4 a6 29. axb5 axb5 30. Kf2 Rd3 31. Rc1 Ra8 32. Ng4 Raa3 33. e5 Rac3 34.
Rxc3 Rxc3 35. Rd2 Rxc5 36. Rd7 Ba6 37. Nh6+ Kg7 38. Nxf7 b4 39. e6 Bc8 40. Nd6+
Kf6 41. Nxc8 Kxe6 42. Rb7 Rb5 43. Rxb5 cxb5 44. Na7 Kd5 45. Nxb5 Kc4 46. Nd6+
Kd3 47. Ne4 h6 48. g3 h5 49. Ke1 b3 50. Nc5+ Ke3 51. Nxb3 Kxf3 52. Nd4+ Kxg3
53. Kf1 g5 54. Kg1 h4 55. Kh1 Kf2 56. Nf5 h3 57. Kh2 Kf3 58. Kxh3 g4+ 59. Kh4
Kf4 60. Ne3 g3 61. Ng2+ Kf3 62. Kh3 1/2-1/2

[Event "AUT -U16W"]
[Site "Koestendorf"]
[Date "1998.04.09"]
[Round "6.6"]
[White "Hackbarth, Elke"]
[Black "Wiedermann, Martina"]
[Result "0-1"]
[WhiteElo "1451"]
[BlackElo "1707"]
[PlyCount "66"]
[EventDate "1998.04.04"]
[Source "A. Burger"]
[SourceDate "1998.04.10"]

1. Nf3 g6 2. g3 d5 3. Bg2 Bg7 4. O-O Nf6 5. d3 O-O 6. Nbd2 c5 7. Re1 Nc6 8. c3
e5 9. e4 d4 10. Nb3 Qd6 11. c4 a6 12. h3 b5 13. Qc2 Nb4 14. Qd2 bxc4 15. dxc4
Be6 16. Qe2 {} 16... d3 17. Qe3 Nc2 18. Qxc5 Qxc5 19. Nxc5 Nxa1 20. Nxe5 Nc2
21. Rd1 Ne8 22. Nxe6 fxe6 23. Nxd3 Nd4 24. b3 Rd8 25. Nc5 Ne2+ 26. Kh2 Rxd1 27.
Be3 Nc7 28. h4 Bd4 29. Bh3 Bxe3 30. Bxe6+ Nxe6 31. Nxe6 Rxf2+ 32. Kh3 Rh1+ 33.
Kg4 h5# 0-1

[Event "AUT -U16W"]
[Site "Koestendorf"]
[Date "1998.04.09"]
[Round "6.7"]
[White "Ernst, Monika"]
[Black "Roscher, Irmgard"]
[Result "1-0"]
[WhiteElo "1234"]
[BlackElo "1541"]
[PlyCount "101"]
[EventDate "1998.04.04"]
[Source "A. Burger"]
[SourceDate "1998.04.10"]

1. e4 e5 2. Nf3 Nc6 3. Bc4 Bc5 4. d3 h6 5. O-O Nf6 6. Be3 Bb6 7. Nbd2 O-O 8. h3
d6 9. Re1 Ne7 10. Nf1 Be6 11. Bb3 Qd7 12. Ng3 Ng6 13. Bxe6 fxe6 14. Qd2 Bxe3
15. Rxe3 Nf4 16. Nh4 g5 17. Nf3 Qg7 18. Qd1 h5 19. Nh1 h4 20. Kh2 g4 21. Nxh4
Qg5 22. g3 Nxh3 23. Qf1 Nh5 24. Qg2 Rf6 25. Ree1 Raf8 26. Re2 c6 27. Rf1 d5 28.
f3 d4 29. fxg4 {} 29... Qxg4 30. Rxf6 Rxf6 31. Rd2 Ng5 32. Nf2 Nf3+ 33. Nxf3
Qxf3 34. Qh3 Rg6 35. g4 Qxh3+ 36. Kxh3 Nf4+ 37. Kg3 Nh5+ 38. Kh4 Nf6 39. Nh3 a5
40. g5 Nh7 41. Rg2 Nf6 42. Rg3 Nd7 43. Kh5 Kg7 44. Nf2 b5 45. Ng4 Kh7 46. Rf3
Rg7 47. Nf6+ Nxf6+ 48. Rxf6 Re7 49. Rh6+ Kg7 50. g6 Kg8 51. Kg5 1-0

[Event "AUT -U16W"]
[Site "Koestendorf"]
[Date "1998.04.10"]
[Round "7.1"]
[White "Dorrek, Veronika"]
[Black "Rohrmanstorfer, Silvia"]
[Result "1/2-1/2"]
[WhiteElo "1462"]
[BlackElo "1542"]
[PlyCount "30"]
[EventDate "1998.04.04"]
[Source "A. Burger"]
[SourceDate "1998.04.10"]

1. e4 c5 2. Nc3 d6 3. g3 g6 4. Bg2 Bg7 5. f4 e6 6. d3 Ne7 7. Nf3 Nbc6 8. Be3
Qb6 9. Rb1 O-O 10. O-O f5 11. exf5 Nxf5 12. Bf2 Ncd4 13. Re1 Bd7 14. h3 Rae8
15. Qd2 Bc6 1/2-1/2

[Event "AUT -U16W"]
[Site "Koestendorf"]
[Date "1998.04.10"]
[Round "7.2"]
[White "Wiedermann, Martina"]
[Black "Fabian, Leonie"]
[Result "1/2-1/2"]
[WhiteElo "1707"]
[BlackElo "1614"]
[PlyCount "60"]
[EventDate "1998.04.04"]
[Source "A. Burger"]
[SourceDate "1998.04.10"]

1. Nf3 c5 2. c4 Nc6 3. g3 Nf6 4. Nc3 g6 5. Bg2 Bg7 6. O-O O-O 7. e3 d6 8. d4
cxd4 9. exd4 e5 10. d5 Na5 11. b3 Bg4 12. Qc2 b6 13. Be3 Rc8 14. Nd2 Ne8 15.
Rae1 Bf5 16. Nde4 Bxe4 17. Nxe4 Nc7 18. Bh3 f5 19. Bg5 Qd7 20. Qd2 Nb7 21. f3
Rb8 22. Rf2 Qf7 23. Nc3 Rbe8 24. g4 f4 25. Rff1 Bf6 26. Bh6 Bg7 27. Bxg7 Kxg7
28. Ne4 h6 29. Qf2 g5 30. Bg2 Qe7 1/2-1/2

[Event "AUT -U16W"]
[Site "Koestendorf"]
[Date "1998.04.10"]
[Round "7.3"]
[White "Greifensteiner, Petra"]
[Black "Ertl, Christine"]
[Result "1-0"]
[WhiteElo "1450"]
[BlackElo "1534"]
[PlyCount "77"]
[EventDate "1998.04.04"]
[Source "A. Burger"]
[SourceDate "1998.04.10"]

1. d4 Nf6 2. c4 g6 3. Nc3 Bg7 4. e4 d6 5. Nge2 Nbd7 6. Ng3 O-O 7. Be2 c5 8. d5
a6 9. a4 a5 10. Be3 Ne5 11. h3 Qb6 12. b3 Ne8 13. Rc1 h5 14. f4 h4 15. Nf1 Nd7
16. Bf2 Qb4 17. Qc2 Nef6 18. Kd1 Bh6 19. Nb5 19... Nxe4 {} 20. Be1 Bxf4 21.
Bxb4 Bxc1 22. Kxc1 Nf2 23. Rg1 axb4 24. Bf3 Ne5 25. g4 Nxf3 26. Qxf2 Nxg1 27.
Qxg1 b6 28. Qf2 g5 29. Qe3 f6 30. Qxe7 Bxg4 31. Nxd6 Bxh3 32. Ne3 Rad8 33. Nef5
Bxf5 34. Nxf5 Rf7 35. Qxd8+ Kh7 36. d6 h3 37. Qe7 Kg6 38. Ng3 f5 39. d7 1-0

[Event "AUT -U16W"]
[Site "Koestendorf"]
[Date "1998.04.10"]
[Round "7.4"]
[White "Tschida, Verena"]
[Black "Kessler, Teresa"]
[Result "1-0"]
[WhiteElo "1522"]
[BlackElo "1306"]
[PlyCount "77"]
[EventDate "1998.04.04"]
[Source "A. Burger"]
[SourceDate "1998.04.10"]

1. e4 e5 2. Nf3 Nc6 3. Nc3 Bc5 4. Bc4 Nf6 5. d3 O-O 6. Bg5 Be7 7. O-O d6 8. h3
b6 9. Nd2 Nd4 10. f4 Be6 11. f5 Bd7 12. Nf3 c6 13. Nxd4 exd4 14. Ne2 d5 15.
exd5 Nxd5 16. Bxe7 Nxe7 17. Nxd4 c5 18. f6 cxd4 19. fxe7 Qxe7 20. Qe1 Qe3+ 21.
Qf2 a6 22. Rae1 Qxf2+ 23. Rxf2 23... Rae8 {} 24. Rxe8 Bxe8 25. Bxa6 f6 26. Rf4
Bf7 27. Rxd4 Bxa2 28. Bc4+ Bxc4 29. Rxc4 Re8 30. Kf2 g5 31. Rc6 b5 32. Rxf6 Re7
33. Rf5 Rf7 34. Rxf7 Kxf7 35. Kf3 h5 36. Ke4 Ke6 37. c4 bxc4 38. dxc4 Kd6 39.
b4 1-0

[Event "AUT -U16W"]
[Site "Koestendorf"]
[Date "1998.04.10"]
[Round "7.5"]
[White "Kopinits, Anna-Christina"]
[Black "Ernst, Monika"]
[Result "1-0"]
[WhiteElo "1751"]
[BlackElo "1234"]
[PlyCount "77"]
[EventDate "1998.04.04"]
[Source "A. Burger"]
[SourceDate "1998.04.10"]

1. e4 e5 2. Nf3 Nc6 3. Bb5 Nf6 4. O-O Nxe4 5. Re1 Nf6 6. Nxe5 Nxe5 7. Rxe5+ Be7
8. Qe2 c6 9. Ba4 d6 10. Re3 Nd5 11. Rg3 O-O 12. c4 Nf6 13. d4 13... Bd7 {} 14.
Bh6 Re8 15. Bxg7 Bf8 16. Bxf6+ Bg7 17. Bxd8 Rxe2 18. Nc3 Re6 19. d5 Rg6 20.
Rxg6 hxg6 21. Be7 Be5 22. Ne4 Re8 23. Nf6+ Bxf6 24. Bxf6 Re4 25. Bb3 cxd5 26.
cxd5 Rf4 27. Be7 Kg7 28. Bxd6 Rf5 29. f4 g5 30. g4 Rxf4 31. Bxf4 gxf4 32. Rf1
Bxg4 33. Rxf4 Bd7 34. d6 f5 35. h4 Kg6 36. Bc2 Kf6 37. Bxf5 Bxf5 38. Rxf5+ Kxf5
39. d7 1-0

[Event "AUT -U16W"]
[Site "Koestendorf"]
[Date "1998.04.10"]
[Round "7.6"]
[White "Karner, Silvia"]
[Black "Mozelt, Cornelia"]
[Result "1-0"]
[WhiteElo "1482"]
[BlackElo "1477"]
[PlyCount "49"]
[EventDate "1998.04.04"]
[Source "A. Burger"]
[SourceDate "1998.04.10"]

1. e4 e5 2. Nf3 Nc6 3. d4 exd4 4. Bc4 Be7 5. c3 dxc3 6. Qd5 {} 6... Nh6 7.
Bxh6 O-O 8. Nxc3 gxh6 9. Qh5 d6 10. Qxh6 Bd7 11. Nd5 Be6 12. Nxe7+ Qxe7 13. Ng5
Bf5 14. f3 Bg6 15. h4 Ne5 16. Bb3 c5 17. Bd5 Nd3+ 18. Kf1 Nf4 19. h5 Nxd5 20.
hxg6 fxg6 21. exd5 Rf5 22. Ne4 Qg7 23. Qxg7+ Kxg7 24. Nxd6 b6 25. Nxf5+ 1-0

[Event "AUT -U16W"]
[Site "Koestendorf"]
[Date "1998.04.10"]
[Round "7.7"]
[White "Roscher, Irmgard"]
[Black "Hackbarth, Elke"]
[Result "1-0"]
[WhiteElo "1541"]
[BlackElo "1451"]
[PlyCount "93"]
[EventDate "1998.04.04"]
[Source "A. Burger"]
[SourceDate "1998.04.10"]

1. e4 e6 2. d4 d5 3. e5 c5 4. c3 Nc6 5. Nf3 Qb6 6. b3 Bd7 7. Bd2 cxd4 8. c4
Nge7 9. Bd3 Qc7 10. Qe2 Ng6 11. Bxg6 hxg6 12. cxd5 exd5 13. O-O O-O-O 14. Rc1
Kb8 15. Bf4 Be6 16. Nbd2 Qb6 17. Ng5 Ka8 18. Nxe6 fxe6 19. Nf3 Re8 20. Qd3 Ba3
21. Rd1 Bb2 22. Rab1 Ref8 23. Bg3 Bc3 24. Qxg6 Nb4 25. a3 25... Nc6 {} 26.
Qxe6 Qc5 27. b4 Qc4 28. Qd6 Rd8 29. Qc5 Rhe8 30. Qxc4 dxc4 31. Rbc1 Re6 32. b5
Na5 33. Rxc3 d3 34. a4 Rd5 35. Nd2 a6 36. bxa6 bxa6 37. h3 Re7 38. Nxc4 Nxc4
39. Rxc4 Kb7 40. Rc3 Red7 41. e6 Re7 42. f4 Rxe6 43. Rdxd3 Rxd3 44. Rxd3 Rg6
45. Rb3+ Kc6 46. a5 Kc5 47. Bf2+ 1-0